ბათუმის შოთა რუსთაველის სახელმწიფო უნივერსიტეტის ბიბლიოთეკა

Справочник по теоретическим основам радиотэлектроники. В 2-х томах. Том 1. (ბიბ.ჩანაწერი № 50660)

000 -LEADER
fixed length control field 00824nam a2200205Ia 4500
001 - CONTROL NUMBER
control field 17611
003 - CONTROL NUMBER IDENTIFIER
control field GE_BSU
008 - FIXED-LENGTH DATA ELEMENTS--GENERAL INFORMATION
fixed length control field 181216s||||||||xx |||||||||||||| ||und||
040 ## - CATALOGING SOURCE
Transcribing agency GE_BSU
080 ## - UNIVERSAL DECIMAL CLASSIFICATION NUMBER
Universal Decimal Classification number 621.396(035.5)
100 ## - MAIN ENTRY--PERSONAL NAME
Personal name Барыгин,А.А. Горин,О.Г. и др.
245 ## - TITLE STATEMENT
Title Справочник по теоретическим основам радиотэлектроники. В 2-х томах. Том 1.
245 ## - TITLE STATEMENT
Statement of responsibility, etc. Под ред. Б.Х.Кривицкого, В.Н.Дулина. Ред. В.В.Енютин, Б.В.Рощин, М.Б.Челноков.
260 ## - PUBLICATION, DISTRIBUTION, ETC.
Place of publication, distribution, etc. М.
260 ## - PUBLICATION, DISTRIBUTION, ETC.
Name of publisher, distributor, etc. Энергия.
260 ## - PUBLICATION, DISTRIBUTION, ETC.
Date of publication, distribution, etc. 1977.
300 ## - PHYSICAL DESCRIPTION
Extent 504 стр. с илл. 26 см.
653 ## - INDEX TERM--UNCONTROLLED
Uncontrolled term Справочник по теоретическим основам радиотэлектроники.
942 ## - ADDED ENTRY ELEMENTS (KOHA)
Koha item type წიგნი
ეგზემპლარები
Withdrawn status Lost status Damaged status Not for loan Date acquired Barcode Date last seen Price effective from Koha item type
        2018-12-17 10380 2018-12-17 2018-12-17 წიგნი